000 00595nam a2200193Ia 4500
008 151121s9999||||xx |||||||||||||| ||und||
082 _a813/कुलक
082 _bHNW-51837
100 _aकुलकर्णी अरुणा
245 _aअर्धनारी
260 _b"किरण प्रकाशन, पुणे।"
260 _c--
300 _a130
600 _aकुलकर्णी अरुणा
630 _aअर्धनारी
700 _aकुलकर्णी अरुणा
730 _aअर्धनारी
942 _cBOOK
999 _c1236106
_d1236103